000 00420nam a2200181Ia 4500
001 11414
005 20260306162826.0
008 260306t2019||||xx |||||||||||||| ||spa||
041 _aESP
082 _a985.04
_bV63
100 _aVidaurre, Manuel Lorenzo de
_eAUT
245 0 _aPlan del Perú
260 _c2019
300 _a158 páginas :
_c24 cm.
650 _aGEN
654 _aCHU
942 _cLIB
_dJUS
_fJUS
_2ddc
_n
999 _c11414
_d11414